L'abbé Constantin /

Hlavní autor: Halévy, Ludovic, 1834-1908
Další autoři: Wespy, Léon
Jazyk: Francouzština
Vydáno: Bielefeld ; Velhagen & Klasing, 1908
Edice: Velhagen & Klasings Sammlung französischer und englischer Schulausgaben. Prosateurs français
Fyzický popis: 129 stran ; 16 cm + Wörterbuch (61 stran)
Knihy
Uloženo v:
LEADER 01134nam a22002777i 4500
001 001845156
003 CZ BrMZK
005 20230110105217.0
007 ta
008 230110s1908 gw er|||||||||||fre d
040 |a BOA001  |b cze  |e rda 
100 1 |a Halévy, Ludovic,  |d 1834-1908  |7 jn19990003087  |4 aut 
245 1 2 |a L'abbé Constantin /  |c par Lodovic Halévy ; mit Anmerkungen zum Schulgebrauch herausgegeben von L. Wespy 
264 1 |a Bielefeld ;  |a Leipzig :  |b Velhagen & Klasing,  |c 1908 
300 |a 129 stran ;  |c 16 cm +  |e Wörterbuch (61 stran) 
336 |a text  |b txt  |2 rdacontent 
337 |a bez média  |b n  |2 rdamedia 
338 |a svazek  |b nc  |2 rdacarrier 
490 1 |a Velhagen & Klasings Sammlung französischer und englischer Schulausgaben. Prosateurs français ;  |v 143. Lieferung, Ausgabe B 
700 1 |a Wespy, Léon  |4 edt 
830 0 |a Velhagen & Klasings Sammlung französischer und englischer Schulausgaben.  |p Prosateurs français 
910 |a BOA001  |b 1-0064.224,Pr,143B 
990 |a BK 
993 |a Y 
991 |b 202301 
996 6 |b 2618740471  |c 1-0064.224,Pr,143B  |l MZK  |r Sklad / do 1 hodiny  |n 0  |w 001911183  |u 000010  |a 1  |e BOA001  |j MZK50  |s P